Statistics for NBA Players from San Diego State

Click here to take the quiz!

General Stats

  • This quiz has been taken 2 times
  • The average score is 2 of 12

Answer Stats

PositionPlayerDraft Year% Correct
FKawhi Leonard2011
100%
FMalcolm Thomas2011
50%
FSteffond Johnson1986
50%
FCSteve Malovic1978
0%
CRock Lee1978
0%
FCJoel Kramer1978
0%
PFMichael Cage1984
0%
FRaed Farid Elhamali2002
0%
GJamaal Franklin2013
0%
FJ.J. O'Brien2015
0%
PFJalen McDaniels2019
0%
SFZylan Cheatham2019
0%

Score Distribution

Percentile by Number Answered

Percent of People with Each Score

Your Score History

You have not taken this quiz